Hitler me dijo: confidencias del Führer sobre su plan de conquista del mundo
Na minha lista:
| Autor principal: | |
|---|---|
| Formato: | Livro |
| Idioma: | espanhol |
| Publicado em: |
Santiago
Artuffo
1940
|
| Assuntos: | |
| Tags: |
Adicionar Tag
Sem tags, seja o primeiro a adicionar uma tag!
|
MARC
| LEADER | 00000nam a2200000 a 4500 | ||
|---|---|---|---|
| 001 | UCW9287 | ||
| 003 | CL-VaPUC | ||
| 008 | 890112e19400000CL |||||||||||||||||spa|d | ||
| 082 | 0 | 4 | |a 943.086 |b RAU |2 21 |
| 100 | 0 | |a Rauschning, Hermann |e author |9 314509 | |
| 245 | 1 | 0 | |a Hitler me dijo: confidencias del Führer sobre su plan de conquista del mundo |
| 300 | |a 270 p | ||
| 942 | |c BK | ||
| 945 | |d 19890112 00:00:00 | ||
| 260 | |a Santiago |b Artuffo |c 1940 | ||
| 600 | 0 | 7 | |a HITLER, ADOLF |2 CL-VaPUC |9 314510 |
| 600 | 0 | 7 | |a RAUSCHNING, HERMANN |2 CL-VaPUC |9 314511 |
| 650 | 7 | |a NACIONALSOCIALISMO |2 CL-VaPUC |9 314512 | |
| 650 | 0 | |a Antisemitismo |9 314513 | |
| 650 | 7 | |a FILOSOFIA POLITICA |2 CL-VaPUC |9 314514 | |
| 650 | 0 | |a Conversaciones |9 314515 | |
| 650 | 7 | |a POLITICA Y GOBIERNO 1933-1945 |2 CL-VaPUC |9 314516 | |
| 650 | 7 | |a HISTORIA 1933-1945 |2 CL-VaPUC |9 314517 | |
| 651 | 0 | |a Alemania |9 255688 | |
| 583 | |a last modification |c 20160913 12:16:12 |k Rodrigo Vera | ||
| 999 | |c 221305 |d 221303 | ||
| 952 | |0 0 |1 0 |4 0 |6 943_086000000000000_RAU_1940 |7 0 |8 X |9 214482 |a BIBHIS |b BIBHIS |d 2019-11-15 |i 283068K |o 943.086 RAU 1940 |p 283068K |r 2024-01-30 |w 2019-11-15 |y BK_X |k HIS | ||